Back-to-School Jokes Quiz Stats

 Plays Quiz Updated Aug 24, 2016

Challenge
Share
Tweet
Embed
Score 0/20 Timer 07:00
6 Plays Today
% Correct
At the hippocampus.
95.6%
Nerds, DumDums, and Smarties.
95.5%
Captain Hooky.
94.9%
Her class was dim.
94.9%
It always went back four seconds.
93.4%
It was always sweeping during class.
93.3%
For talking back.
92.5%
You can count on me.
92.1%
His keys were in the piano.
91.9%
A trebled man.
91.6%
% Correct
He wanted a higher education.
91.2%
They didn't have to study history.
90.8%
It had a lot of problems.
90.7%
Her grades were below C-level.
90.2%
The teacher told her not to use tables.
89.5%
She kicked the bucket.
88.8%
She didn't do her homework.
88.6%
It already had a million degrees.
87.5%
It's basic material.
87.4%
They make up everything.
83.4%

You're not logged in!

Compare scores with friends on all Sporcle quizzes.
Join for Free
OR
Log In

You Might Also Like...

Show Comments

Extras

Top Quizzes Today


Score Distribution

Your Account Isn't Verified!

In order to create a playlist on Sporcle, you need to verify the email address you used during registration. Go to your Sporcle Settings to finish the process.

Report this User

Report this user for behavior that violates our Community Guidelines.

Details: